000 01013nam a2200217Ia 4500
001 19842
003 GE_BSU
008 181216s||||||||xx |||||||||||||| ||und||
040 _cGE_BSU
080 _a02
245 _aCd-Rom-ებზე არსებული ელექტრონული რესურსების ბიბლიოგრაფიული აღწერილო: მეთოდური რეკომენდაციები
245 _cშეადგ. ავთ. ჩხენკელმა
260 _aთბილისი
260 _c2002
300 _a25გვ.
541 _h2 ლ. 65თ.
653 _aCd-Rom-ებზე არსებული ელექტრონული რესურსების ბიბლიოგრაფიული აღწერილო: მეთოდური რეკომენდაციები
653 _aბიბლიოთეკარი
653 _aქსეროქსი
942 _cBK
999 _c52812
_d52812